|
|
|
|
| LEADER |
00000cas a22000007a 4500 |
| 003 |
Ucuenca |
| 005 |
20230308225924.0 |
| 008 |
180511b1967 ec ||||| |||| 00| 0 spa d |
| 040 |
|
|
|b spa
|
| 041 |
0 |
|
|a es
|
| 082 |
0 |
|
|a 610.5
|b U48r
|
| 110 |
2 |
|
|a Universidad de Cuenca.
|b Facultad de Ciencias Médicas.
|9 198906
|
| 245 |
|
|
|a Revista de la Facultad de Ciencias Médicas de la Universidad de Cuenca
|c Universidad de Cuenca. Facultad de Ciencias Médicas
|h imp
|
| 264 |
|
|
|a Cuenca
|b Universidad de Cuenca
|c 1967
|
| 300 |
|
|
|a 139 páginas:
|b ilu
|c 22 cm
|
| 310 |
|
|
|a irre
|
| 362 |
|
|
|a vol.8, no. 2 (julio 1967)
|
| 505 |
1 |
|
|a Prásitos del aparato digestivo, estudio clínico patológico de nueve casos fatales -- Relato de un caso de enfermedad de Ollier -- La aortografía en el diagnóstico de las afecciones de la aorta -- Estudio de lesiones residuales calcificadas de pulmón, ganglios linfáticos e hígado.
|
| 650 |
|
|
|9 10568
|a Facultad de ciencias medicas
|
| 650 |
|
|
|9 74276
|a Aparato digestivo
|
| 650 |
|
|
|9 224377
|a Parasitos infantiles
|
| 650 |
|
|
|9 46236
|a Natalidad
|
| 942 |
|
|
|c SER
|z denisse.artiles@ucuenca.edu.ec
|
| 999 |
|
|
|c 154561
|d 154561
|